|
|
|
|
| LEADER |
00000nam a22000007a 4500 |
| 005 |
20190801132559.0 |
| 007 |
cr|||| |||| |
| 008 |
190801s2017 co |||||s|||| 00||0 spa d |
| 020 |
|
|
|a 978-958-12-04339-7
|
| 035 |
|
|
|a 23894
|
| 040 |
|
|
|a vLex
|
| 090 |
|
|
|c 9098
|d 9098
|
| 245 |
0 |
2 |
|a El lado humano de la sostenibilidad
|h [Recurso electrn̤ico] :
|b Reflexiones desde lo privado y lo pb︢lico
|
| 256 |
|
|
|a Servicio en ln̕ea
|
| 260 |
|
|
|a Bogot:̀
|b Universidad de La Sabana,
|c 2017
|
| 300 |
|
|
|a 1 recurso electrn̤ico
|
| 506 |
1 |
|
|a Disponible solo en los productos indicados
|d vLex Global
|d vLex Global (Academic Edition, excluding Law Schools)
|d vLex Global (U.S. Academic Edition, Law Schools)
|d vLex Global (U.S. Academic Edition, excluding Law Schools)
|d vLex Global (Academic Edition, Law Schools)
|
| 650 |
0 |
4 |
|a Derecho Civil
|z Colombia
|
| 740 |
0 |
|
|a vLex Libros (Servicio en ln̕ea)
|
| 856 |
4 |
0 |
|u http://vlex.com/source/lado-humano-sostenibilidad-reflexiones-privado-publico-23894
|z Acceso restringido
|
| 942 |
|
|
|c BOOK
|
| 999 |
0 |
|
|a Civil Law
|